Specifying sustainable concrete (Record no. 113069)
[ view plain ]
| 000 -LEADER | |
|---|---|
| fixed length control field | 01752cad a22002295a 4500 |
| 001 - CONTROL NUMBER | |
| control field | L154616 |
| 008 - FIXED-LENGTH DATA ELEMENTS--GENERAL INFORMATION | |
| fixed length control field | 120105s2011 xxk g 000 0 eng d |
| 020 ## - INTERNATIONAL STANDARD BOOK NUMBER | |
| International Standard Book Number | 9781908257017 |
| 035 ## - SYSTEM CONTROL NUMBER | |
| System control number | (Sirsi) u154616 |
| 041 0# - LANGUAGE CODE | |
| Language code of text/sound track or separate title | eng |
| 110 2# - MAIN ENTRY--CORPORATE NAME | |
| Corporate name or jurisdiction name as entry element | Concrete Centre |
| 9 (RLIN) | 5831 |
| 245 00 - TITLE STATEMENT | |
| Title | Specifying sustainable concrete |
| Remainder of title | understanding the role of constituent materials |
| Medium | [electronic resource] |
| 260 ## - PUBLICATION, DISTRIBUTION, ETC. | |
| Place of publication, distribution, etc. | Camberley |
| Name of publisher, distributor, etc. | MPA |
| Date of publication, distribution, etc. | 2011 |
| 520 ## - SUMMARY, ETC. | |
| Summary, etc. | This guide focuses on concrete, its constituent materials including admixtures and how the variation of the specification can influence the sustainability performance of the concrete. Sustainable credentials with greatest scope for influence through specification include: the performance of fresh and hardened concrete (e.g. strength gain, durability); embodied CO2 (ECO2); CO2 associated with transportation; responsible sourcing or otherwise; and use of recycled or secondary materials. Concrete's flexibility offers many opportunities for designers to influence the environmental, economic and social credentials of their projects, including performance credentials such as fire, durability, acoustics and adaptability. This publication is intended to assist designers in optimising the sustainable credentials of concrete through specification. |
| 590 ## - LOCAL NOTE (RLIN) | |
| Local note | KA NTK |
| 651 #4 - SUBJECT ADDED ENTRY--GEOGRAPHIC NAME | |
| Geographic name | United Kingdom |
| Chronological subdivision | |
| 690 ## - LOCAL SUBJECT ADDED ENTRY--TOPICAL TERM (OCLC, RLIN) | |
| Topical term or geographic name as entry element | BUILT ENVIRONMENT-SUSTAINABLE CONSTRUCTION |
| 690 ## - LOCAL SUBJECT ADDED ENTRY--TOPICAL TERM (OCLC, RLIN) | |
| Topical term or geographic name as entry element | BUILT ENVIRONMENT-BUILDING MATERIALS-CEMENTITIOUS, CONCRETE AND MINERAL BOUND MATERIALS-CONCRETE |
| 710 2# - ADDED ENTRY--CORPORATE NAME | |
| Corporate name or jurisdiction name as entry element | Mineral Products Association |
| 9 (RLIN) | 5839 |
| 856 40 - ELECTRONIC LOCATION AND ACCESS | |
| Uniform Resource Identifier | <a href="https://www.concretecentre.com/pdf/PublicationLibrary/MB_SpecSustainableConcrete.pdf">https://www.concretecentre.com/pdf/PublicationLibrary/MB_SpecSustainableConcrete.pdf</a> |
| Public note | Register to download this publication free of charge at www.concretecentre.com |
| 942 ## - ADDED ENTRY ELEMENTS (KOHA) | |
| Suppress in OPAC | 0 |
| Withdrawn status | Lost status | Source of classification or shelving scheme | Damaged status | Not for loan | Home library | Current library | Shelving location | Date acquired | Total Checkouts | Full call number | Barcode | Date last seen | Copy number | Price effective from | Koha item type |
|---|---|---|---|---|---|---|---|---|---|---|---|---|---|---|---|
| Dewey Decimal Classification | Virtual | Virtual | Online | 05/01/2012 | ONLINE PUBLICATION | 154616-2001 | 06/08/2019 | 1 | 06/08/2019 | Book |